000 00485nam a2200205Ia 4500
005 20240823053242.0
008 240823s9999||||xx |||||||||||||| ||und||
020 _a978-93-81335-17-8
041 _aENGLISH
082 _A658.15 Q3
100 _aGupta N K
245 0 _aAccounting for Managers
250 _a2nd
260 _c2013
_bInternational book
500 _aYES
650 _aManagers
_bManagement Studies
700 _a Vidhu Bansal
942 _cBK
999 _c223746
_d223746